000 00567cam a2200205 4500500
005 20260405001513.0
041 _afre
042 _adc
245 0 0 _aLe succès de l’imposture
260 _c2013.
500 _a6
690 _aCaché
690 _aFaux-Semblant
690 _aImposture
690 _aMédias
690 _aPsychanalyse
690 _aVrai
786 0 _nPhilosophie magazine | 70 | 6 | 2013-06-01 | p. 65-65 | 1951-1787
856 4 1 _uhttps://shs.cairn.info/magazine-philosophie-magazine-2013-6-page-65?lang=fr&redirect-ssocas=7080
999 _c2048308
_d2048308